Normal view
MARC view
- Menno-Jan Kraak, Allan Brown
Entry Personal Name
001 - CONTROL NUMBER
- control field: 134143
003 - CONTROL NUMBER IDENTIFIER
- control field: NUST
005 - DATE AND TIME OF LATEST TRANSACTION
- control field: 20260415130143.0
008 - FIXED-LENGTH DATA ELEMENTS
- fixed length control field: 260415|| aca||aabn | a|a d
040 ## - CATALOGING SOURCE
- Original cataloging agency: NUST
- Transcribing agency: NUST
100 ## - HEADING--PERSONAL NAME
- Personal name: Menno-Jan Kraak, Allan Brown
670 ## - SOURCE DATA FOUND
- Source citation: Work cat.: (NUST): Menno-Jan Kraak, Allan Brown., Web Cartography /, 2001.
